000 00770nam a22001817a 4500
999 _c372232
_d372232
008 201127b ||||| |||| 00| 0 eng d
040 _aDE-2950
_bger
_cDE-2950
_erda
041 _ager
245 _aFrankfurter sind enttäuscht - und stolz auf das Erreichte.
_bZukunftszentrum. Nach der Entscheidung zum Standort traf sich die Stadtgesellschaft im Blok O, um das Ergebnis aufzuarbeiten und nach vorn zu blicken /
_cThomas Gutke
264 _c2023
653 _aFrankfurt (Oder)
653 _aZukunftszentrum
773 _dFrankfurt (Oder) Märkisches Verlags- und Druckhaus GmbH & Co KG
_tMärkische Oderzeitung
_g34. Jahrgang (2023) Nr. 40 vom 16.02.2023, S.13+15: mit Foto
942 _cA